202 great cover letters / (Record no. 16338)
[ view plain ]
| 000 -LEADER | |
|---|---|
| fixed length control field | 01439nam a22002778a 4500 |
| 005 - DATE AND TIME OF LATEST TRANSACTION | |
| control field | 20070727210110.0 |
| 008 - FIXED-LENGTH DATA ELEMENTS--GENERAL INFORMATION | |
| fixed length control field | 070719s2008 nyu 000 0 eng |
| 010 ## - LCCN (DPL NO) | |
| LC control number | ENG-91196 |
| 020 ## - INTERNATIONAL STANDARD BOOK NUMBER | |
| International Standard Book Number | 9780070264762 |
| Terms of availability | 475.00 |
| 020 ## - INTERNATIONAL STANDARD BOOK NUMBER | |
| International Standard Book Number | 0070264767 |
| 035 ## - SYSTEM CONTROL NUMBER | |
| System control number | EN-74729 |
| 037 ## - SOURCE OF ACQUISITION | |
| Source of stock number/acquisition | DBAD / PUB |
| 040 ## - CATALOGING SOURCE | |
| Original cataloging agency | dpl |
| Language of cataloging | English |
| 082 ## - DEWEY DECIMAL CLASSIFICATION NUMBER | |
| Classification number | 650.142 |
| 100 ## - MAIN ENTRY--PERSONAL NAME | |
| Personal name | Betrus, Michael. |
| 245 ## - TITLE STATEMENT | |
| Title | 202 great cover letters / |
| Statement of responsibility, etc | by Michael Betrus. |
| 246 ## - VARYING FORM OF TITLE | |
| Title proper/short title | Two hundred and two great cover letters |
| 260 ## - PUBLICATION, DISTRIBUTION, ETC. (IMPRINT) | |
| Place of publication, distribution, etc | New Delhi |
| Name of publisher, distributor, etc | Tata McGraw-Hill Pubsihing |
| Date of publication, distribution, etc | 2008. |
| 300 ## - PHYSICAL DESCRIPTION | |
| Extent | 282p. |
| Dimensions | 30cm (pbk) |
| 500 ## - GENERAL NOTE | |
| General note | Includes index |
| 505 ## - FORMATTED CONTENTS NOTE | |
| Formatted contents note | How to use this guide -- Writing a cover letter -- Street-smart writing tips -- Creating a solutions-based letter -- The hiring vantage point -- Broadcast letters -- Responses to job postings and classified ads -- Writing to an executive recruiter -- Networking -- Target companies directly -- Utilizing the consultative sales approach -- Letters for students -- Functional areas of expertise -- Contact during and after the interview process -- Reference and complimentary letters -- Resignation letters -- Keywords to know. |
| 650 ## - SUBJECT ADDED ENTRY--TOPICAL TERM | |
| Topical term or geographic name as entry element | Cover letters. |
| 650 ## - SUBJECT ADDED ENTRY--TOPICAL TERM | |
| Topical term or geographic name as entry element | Job hunting. |
| 942 ## - ADDED ENTRY ELEMENTS (KOHA) | |
| Source of classification or shelving scheme | Dewey Decimal Classification |
| Item type | English Books |
| Classification part | 650.142 |
| Call number suffix | BET |
| Withdrawn status | Lost status | Source of classification or shelving scheme | Damaged status | Not for loan | Collection code | Home library | Current library | Date acquired | Cost, normal purchase price | Total Checkouts | Full call number | Barcode | Date last seen | Copy number | Cost, replacement price | Koha item type |
|---|---|---|---|---|---|---|---|---|---|---|---|---|---|---|---|---|
| Dewey Decimal Classification | Not For Loan | Non-fiction | D.B.Act.Division | D.B.Act.Division | 07/10/2008 | 475.00 | 650.142 BET | EN-74729 | 07/10/2008 | 1 | 475.00 | English Books |
